Faculty of Law Library — Cairo University

Official Online Catalog

Schweizerisches Jahrbuch für internationales Recht= (Record no. 46267)

MARC details
000 -LEADER
fixed length control field 01086nam a2200313 4500
003 - CONTROL NUMBER IDENTIFIER
control field EG-GICUC
005 - DATE AND TIME OF LATEST TRANSACTION
control field 20260121101348.0
008 - FIXED-LENGTH DATA ELEMENTS--GENERAL INFORMATION
fixed length control field 251126s1967 gw ||||fr|||| 001 0 ger d
040 ## - CATALOGING SOURCE
Original cataloging agency EG-GiCUC
Language of cataloging ger
Transcribing agency EG-GiCUC
Modifying agency EG-GiCUC
Description conventions rda
041 ## - LANGUAGE CODE
Language code of text/sound track or separate title ger
082 04 - DEWEY DECIMAL CLASSIFICATION NUMBER
Edition number 21
Classification number 341.1
Item number S O . D
092 04 - LOCALLY ASSIGNED DEWEY CALL NUMBER (OCLC)
Edition number 21
099 ## - LOCAL FREE-TEXT CALL NUMBER (OCLC)
Classification number Law1 11 341.1 S O . D 1967
110 ## - MAIN ENTRY--CORPORATE NAME
Form subheading Société suisse de droit international.
245 10 - TITLE STATEMENT
Title Schweizerisches Jahrbuch für internationales Recht=
Remainder of title Annuaire suisse de droit international.
Number of part/section of a work band 24 /
Statement of responsibility, etc. Société suisse de droit international.
246 1# - VARYING FORM OF TITLE
Title proper/short title Annuaire suisse de droit international.
264 ## - PRODUCTION, PUBLICATION, DISTRIBUTION, MANUFACTURE, AND COPYRIGHT NOTICE
Place of production, publication, distribution, manufacture Zürich :
Name of producer, publisher, distributor, manufacturer Polygraphischer Verlag,
Date of production, publication, distribution, manufacture, or copyright notice 1967
300 ## - PHYSICAL DESCRIPTION
Extent 340 pages :
Dimensions 24 cm.
336 ## - CONTENT TYPE
Source rda content
Content type term text
337 ## - MEDIA TYPE
Source rda media
Media type term Computer
338 ## - CARRIER TYPE
Source rda carrier
Carrier type term Online Resource
504 ## - BIBLIOGRAPHY, ETC. NOTE
Bibliography, etc. note Bibliografische Hinweise
546 ## - LANGUAGE NOTE
Language note Text in German
650 1# - SUBJECT ADDED ENTRY--TOPICAL TERM
Topical term or geographic name entry element International law
Geographic subdivision Schweizerisches
651 1# - SUBJECT ADDED ENTRY--GEOGRAPHIC NAME
Source of heading or term qrmak
856 40 - ELECTRONIC LOCATION AND ACCESS
Uniform Resource Identifier <a href="https://fll.law.cu.edu.eg/fulltext/bks/B11-06157.pdf">https://fll.law.cu.edu.eg/fulltext/bks/B11-06157.pdf</a>
905 ## - Cataloger and Reviser Names
Cataloger Name: Rawan khaled
Revisor Name: Yara
942 ## - ADDED ENTRY ELEMENTS (KOHA)
Source of classification or shelving scheme Dewey Decimal Classification
Suppress in OPAC No
Koha item type Books
Edition 21
Holdings
Withdrawn status Lost status Source of classification or shelving scheme Damaged status Not for loan Collection Home library Current library Date acquired Total checkouts Full call number Barcode Date last seen Copy number Price effective from Koha item type
    Dewey Decimal Classification   Not for loan القانون الدولي العام جــــامعة القــاهرة مكتبة كلية الحقوق - المبنى الرئيسي 26.11.2025   Law1 11 341.1 S O . D 1967 1106157 C1 B11-06157 26.11.2025 1 26.11.2025 Books

© All rights reserved — Faculty of Law, Cairo University